Štát dáva od aerolínií ruky preč

Štát namiesto sľubovanej privatizácie priviedol Slovenské aerolínie (SA), a.s. Bratislava takmer ku krachu. Katastrofálne hospodárenie SA nebolo prekvapením, hoci spoločnosť odmietala zverejniť aktuálne hospodárske výsledky. Do situácie sa vložili Austrian Airlines (AUA), ktorí sa uchádzajú o bratis...

Full description

Saved in:
Bibliographic Details
Main Author: Beer, Gabriel
Format: Book Chapter
Language:Slovak
Subjects:
Tags: Add Tag
No Tags, Be the first to tag this record!

MARC

LEADER 00000naa$a2200000$$$4500
001 0020331
005 20231009075306.4
041 0 |a slo 
044 |a SK 
245 1 0 |a Štát dáva od aerolínií ruky preč  |c Gabriel Beer 
520 |a Štát namiesto sľubovanej privatizácie priviedol Slovenské aerolínie (SA), a.s. Bratislava takmer ku krachu. Katastrofálne hospodárenie SA nebolo prekvapením, hoci spoločnosť odmietala zverejniť aktuálne hospodárske výsledky. Do situácie sa vložili Austrian Airlines (AUA), ktorí sa uchádzajú o bratislavské letisko. Plánovaný audit v SA. Dlhy spoločnosti. Neúspech manažérov spoločnosti. 
610 2 0 |a letiská 
610 2 0 |a bankrot 
610 2 0 |a výsledok hospodársky 
610 2 0 |a dlhy 
610 2 0 |a audit 
610 2 0 |a investície zahraničné 
610 2 0 |a Rakúsko 
610 2 0 |a Slovenské aerolínie, a.s. Bratislava 
100 1 |a Beer, Gabriel